000 00198 a2200109 4500
020 _a0395459893
041 _aeng
100 _aWanda Gag
245 _aMillions of Cats
942 _cBK
952 _71
999 _c22683
_d22683